The betrothed; (Record no. 3710)
[ view plain ]
| 000 -LEADER | |
|---|---|
| fixed length control field | 00788cam a2200229 4500 |
| 008 - FIXED-LENGTH DATA ELEMENTS--GENERAL INFORMATION | |
| fixed length control field | 730806s1972 enk 000 1 eng |
| 020 ## - INTERNATIONAL STANDARD BOOK NUMBER | |
| ISBN | 9780140442748 |
| 020 ## - INTERNATIONAL STANDARD BOOK NUMBER | |
| ISBN | 014044274X |
| 100 1# - MAIN ENTRY--AUTHOR | |
| Author | Manzoni, Alessandro, |
| 245 14 - TITLE STATEMENT | |
| Title | The betrothed; |
| Statement of responsibility, etc | translated with an introduction by Bruce Penman. |
| 260 ## - PUBLICATION, DISTRIBUTION, ETC. (IMPRINT) | |
| Place of publication | Harmondsworth, London |
| Name of publisher | Penguin Book, |
| Date of publication | 1972. |
| 300 ## - COLLATION | |
| Pagination | 720 p. |
| 500 ## - GENERAL NOTE | |
| General note | Translation of I promessi sposi. |
| 650 ## - TRACINGS | |
| Main Subject | Novel. |
| Subdivision (1st) | Romance. |
| 700 1# - ADDITIONAL AUTHOR | |
| Additional Author | Penman, Bruce, |
| 856 41 - ELECTRONIC LOCATION AND ACCESS | |
| URL | http://www.loc.gov/catdir/enhancements/fy1504/73165908-s.html |
| 856 42 - ELECTRONIC LOCATION AND ACCESS | |
| URL | http://www.loc.gov/catdir/enhancements/fy1504/73165908-d.html |
| 856 42 - ELECTRONIC LOCATION AND ACCESS | |
| URL | http://www.loc.gov/catdir/enhancements/fy1504/73165908-b.html |
| 942 ## - ADDED ENTRY ELEMENTS (KOHA) | |
| Item type | Books |
| 050 00 - LIBRARY OF CONGRESS CALL NUMBER | |
| Classification number | PQ4714 |
| Item number | .A54 1972 |
| 082 00 - DEWEY DECIMAL CLASSIFICATION NUMBER | |
| Classification number | 853/.7 |
| Source of classification or shelving scheme | Not for loan | Permanent location | Current location | Date acquired | Accession No. | Full call number | Barcode. | Koha item type |
|---|---|---|---|---|---|---|---|---|
| Library of Congress Classification | Samuel Ogbemudia Main Library, University of Abuja | Samuel Ogbemudia Main Library, University of Abuja | 05/29/2025 | 2024/63583 | PQ4714.A54 1972 | 2025-2264 | Books |